Music Quiz

Random Music or Song Quiz
Score 0/15 Timer 06:00
4 Plays Today
% Correct
We Will Rock You
96.4%
Hey Jude
80.1%
What a Wonderful World
75.3%
Single Ladies
67.4%
Johnny B. Goode
62.9%
Vogue
59.6%
Eye of the Tiger
59.4%
Hit Me With Your Best Shot
45.8%
% Correct
Everybody Hurts
43.1%
I Gotta Feeling
42.9%
Hallelujah
42%
Party Rock Anthem
31.1%
Rolling in the Deep
26.7%
I Will Always Love You
23.4%
Purple Rain
23%
Remove Ads.
Support Sporcle.
Get the best of Sporcle when you Go Orange. This ad-free experience offers more features, more stats, and more fun while also helping to support Sporcle. Thank you for becoming a member.

You're not logged in!

Compare scores with friends on all Sporcle quizzes.
OR
Log In

Show Comments

Extras

Top Quizzes Today


Score Distribution

Your Account Isn't Verified!

In order to create a playlist on Sporcle, you need to verify the email address you used during registration. Go to your Sporcle Settings to finish the process.

Report this User

Report this user for behavior that violates our Community Guidelines.

Details: